Vplyv nehmotných faktorov na konkurencieschopnosť
Nehmotným majetkom sú všetky formy znalostí, ktoré prispievajú k tvorbe produktov a služieb. Nehmotný majetok môže tvoriť významný podiel na celkovej hodnote obchodného mena a často tvorí základ podnikania a konkurenčnej výhody.
Saved in:
| Main Author: | |
|---|---|
| Format: | Book Chapter |
| Language: | Slovak |
| Subjects: | |
| Tags: |
No Tags, Be the first to tag this record!
|
MARC
| LEADER | 00000nla a2200000 4500 | ||
|---|---|---|---|
| 001 | 0159333 | ||
| 005 | 20250815073016.5 | ||
| 041 | 0 | |a slo | |
| 044 | |a CZ | ||
| 245 | 1 | 0 | |a Vplyv nehmotných faktorov na konkurencieschopnosť |c Klaudia Gubová |
| 520 | |a Nehmotným majetkom sú všetky formy znalostí, ktoré prispievajú k tvorbe produktov a služieb. Nehmotný majetok môže tvoriť významný podiel na celkovej hodnote obchodného mena a často tvorí základ podnikania a konkurenčnej výhody. | ||
| 610 | 2 | 0 | |a podnik |
| 610 | 2 | 0 | |a majetok nehmotný |
| 610 | 2 | 0 | |a vedomosti |
| 610 | 2 | 0 | |a vlastníctvo duševné |
| 610 | 2 | 0 | |a spoločnosť vedomostná |
| 610 | 2 | 0 | |a konkurencieschopnosť |
| 100 | 1 | |a Gubová, Klaudia, 1986- | |